[Event "Titled Tuesday intern op 06th Feb Late"]
[Site "Chess.com INT"]
[Date "2024.02.06"]
[Round "2"]
[White "Clawitter, Craig"]
[Black "Sonnenschein, Philipp"]
[Result "1-0"]
[WhiteElo "2050"]
[BlackElo "2186"]
[PlyCount "73"]
[EventDate "2024.02.06"]
[EventType "swiss (blitz)"]
[EventRounds "11"]
[EventCountry "USA"]
[SourceTitle "CB07_2024"]
[SourceDate "2024.02.14"]
[SourceVersion "1"]
[SourceVersionDate "2024.02.14"]
[SourceQuality "1"]

1. e4 c5 2. Nf3 Nc6 3. d4 cxd4 4. Nxd4 Nf6 5. Nc3 d6 6. Bc4 Qb6 7. Nb3 e6 8. 0-0 Be7 9. Qe2 0-0 10. Be3 Qc7 11. f4 a6 12. Kh1 b5 13. Bd3 Bb7 14. a3 b4 15. Nd1 bxa3 16. bxa3 Na5 17. Bg1 Rac8 18. e5 Nd5 19. Nxa5 Qxa5 20. Qe4 g6 21. c4 Nb4 22. axb4 Qxa1 23. Qxb7 Rfe8 24. exd6 Bxd6 25. c5 Bxf4 26. Rxf4 Rf8 27. Rxf7 Rxf7 28. Qxc8+ Kg7 29. Qxe6 Qxd1 30. Bc4 Rd7 31. Qe5+ Kh6 32. c6 Rd8 33. c7 Rc8 34. Be6 Re8 35. c8Q Rxc8 36. Bxc8 Qd2 37. Be3+ 1-0

[Event "Titled Tuesday intern op 24th Oct Late"]
[Site "Chess.com INT"]
[Date "2023.10.24"]
[Round "1"]
[White "Chemin, Vitorio"]
[Black "Sonnenschein, Philipp"]
[Result "0-1"]
[WhiteElo "2150"]
[BlackElo "2186"]
[PlyCount "104"]
[EventDate "2023.10.24"]
[EventType "swiss (blitz)"]
[EventRounds "11"]
[EventCountry "USA"]
[SourceTitle "Mega2024 Update 01"]
[Source "Chessbase"]
[SourceDate "2023.11.12"]
[SourceVersion "1"]
[SourceVersionDate "2023.11.12"]
[SourceQuality "1"]

1. Nf3 d5 2. d4 Nf6 3. c4 e6 4. Nc3 Bb4 5. e3 0-0 6. Bd2 c5 7. a3 Bxc3 8. bxc3 Nc6 9. Bd3 dxc4 10. Bxc4 Qc7 11. Bd3 e5 12. Qc2 Bg4 13. Be4 Nxe4 14. Qxe4 Bxf3 15. Qxf3 exd4 16. cxd4 cxd4 17. 0-0 Rad8 18. Rfc1 Qe5 19. Rab1 Rd7 20. e4 f5 21. exf5 Rxf5 22. Qh3 Rdf7 23. Rf1 h6 24. Rbe1 Qf6 25. Re2 Ne5 26. Qg3 d3 27. Re3 Rd7 28. Rfe1 Nc4 29. Re8+ Kh7 30. Rd1 Rf7 31. Be1 d2 32. Bxd2 Nxd2 33. Qd3 Nf3+ 34. gxf3 Qg6+ 35. Kf1 Rg5 36. Qxg6+ Kxg6 37. Rd6+ Kh5 38. Ke2 Rgf5 39. Rd3 Rb5 40. Rde3 Rb2+ 41. Kf1 Rc7 42. Kg2 Rcc2 43. R3e5+ Kg6 44. R8e6+ Kh7 45. Kg3 Rxf2 46. h4 Rg2+ 47. Kf4 Rh2 48. h5 Rh4+ 49. Kg3 Rbh2 50. Rg6 Rxh5 51. Rxh5 Rxh5 52. Re6 Ra5 0-1

[Event "Titled Tuesday intern op 24th Oct Late"]
[Site "Chess.com INT"]
[Date "2023.10.24"]
[Round "4"]
[White "Wieczorek, Oskar"]
[Black "Sonnenschein, Philipp"]
[Result "0-1"]
[WhiteElo "2491"]
[BlackElo "2186"]
[PlyCount "70"]
[EventDate "2023.10.24"]
[EventType "swiss (blitz)"]
[EventRounds "11"]
[EventCountry "USA"]
[SourceTitle "Mega2024 Update 01"]
[Source "Chessbase"]
[SourceDate "2023.11.12"]
[SourceVersion "1"]
[SourceVersionDate "2023.11.12"]
[SourceQuality "1"]

1. e4 c6 2. d4 d5 3. e5 c5 4. dxc5 e6 5. Be3 Nd7 6. Bb5 Ne7 7. c3 Nf5 8. Bd4 Qc7 9. Bxd7+ Bxd7 10. b4 b6 11. cxb6 axb6 12. Ne2 Ba4 13. Qd2 Be7 14. 0-0 0-0 15. Ng3 Nxd4 16. Qxd4 f6 17. Re1 Rae8 18. f4 fxe5 19. fxe5 Bg5 20. Nd2 Rf4 21. Qd3 Rc8 22. Nf3 Be7 23. Nd4 Bd7 24. Rac1 Rff8 25. Nge2 Qxe5 26. g3 Qd6 27. Nf4 e5 28. Qe2 Bf6 29. Nh5 exd4 30. Nxf6+ Qxf6 31. cxd4 Rxc1 32. Rxc1 Qxd4+ 33. Kg2 Bg4 34. Qc2 Bf3+ 35. Kh3 Qg4# 0-1

[Event "Titled Tuesday intern op 25th Apr Early"]
[Site "Chess.com INT"]
[Date "2023.04.25"]
[Round "9"]
[White "Manon Og, Ramon Jr"]
[Black "Sonnenschein, Philipp"]
[Result "0-1"]
[WhiteElo "1999"]
[BlackElo "2224"]
[PlyCount "70"]
[EventDate "2023.04.25"]
[EventType "swiss (blitz)"]
[EventRounds "11"]
[EventCountry "USA"]
[SourceTitle "EXT 2024"]
[Source "ChessBase"]
[SourceDate "2023.10.10"]
[SourceVersion "1"]
[SourceVersionDate "2023.10.10"]
[SourceQuality "1"]

1. e4 c6 2. d4 d5 3. e5 Bf5 4. Nd2 e6 5. Nb3 c5 6. dxc5 Bxc5 7. Nxc5 Qa5+ 8. c3 Qxc5 9. Qb3 Nc6 10. Nf3 Nge7 11. Qxb7 Rb8 12. Qa6 0-0 13. Be3 d4 14. cxd4 Qb4+ 15. Bd2 Qxb2 16. Rc1 Nxd4 17. Nxd4 Qxd4 18. Qd6 Qe4+ 19. Be2 Qxg2 20. Rf1 Ng6 21. Be3 Rbd8 22. Qc7 Nh4 23. Qxa7 Nf3+ 24. Bxf3 Qxf3 25. Rg1 Bd3 26. Kd2 Qe2+ 27. Kc3 Rc8+ 28. Bc5 Qxe5+ 29. Kxd3 Rfd8+ 30. Bd4 Qf5+ 31. Ke3 e5 32. Rxc8 Rxc8 33. Bb6 Rc3+ 34. Ke2 Qd3+ 35. Ke1 Rc1# 0-1

[Event "Titled Tuesday intern op 25th Apr Early"]
[Site "Chess.com INT"]
[Date "2023.04.25"]
[Round "11"]
[White "Prudnykova, Olga"]
[Black "Sonnenschein, Philipp"]
[Result "1-0"]
[WhiteElo "2268"]
[BlackElo "2224"]
[PlyCount "121"]
[EventDate "2023.04.25"]
[EventType "swiss (blitz)"]
[EventRounds "11"]
[EventCountry "USA"]
[SourceTitle "EXT 2024"]
[Source "ChessBase"]
[SourceDate "2023.10.10"]
[SourceVersion "1"]
[SourceVersionDate "2023.10.10"]
[SourceQuality "1"]

1. e4 c6 2. d4 d5 3. exd5 cxd5 4. c4 Nf6 5. Nc3 g6 6. cxd5 Bg7 7. Qb3 0-0 8. Be2 Qb6 9. Qxb6 axb6 10. Nf3 Na6 11. 0-0 Nc7 12. Bc4 Rd8 13. Re1 Kf8 14. Bg5 b5 15. Bxb5 Ncxd5 16. Bc4 Nxc3 17. bxc3 Ra3 18. Bb3 Bf5 19. Rad1 Ne4 20. Bxe7+ Kxe7 21. Nd2 Kf8 22. Nxe4 Rc8 23. c4 Rd8 24. d5 Raa8 25. h3 h5 26. c5 Ra5 27. Rc1 Bd4 28. c6 bxc6 29. dxc6 Re5 30. Ng3 Bc8 31. Rxe5 Bxe5 32. Ne4 f5 33. Nc5 Rd2 34. Rd1 Rxd1+ 35. Bxd1 Bd4 36. Nb3 Bb6 37. Nd2 Ke7 38. Bb3 Kd6 39. Bf7 g5 40. Nc4+ Kxc6 41. Nxb6 Kxb6 42. Bxh5 Ka5 43. Bf7 Kb4 44. Bb3 Kc3 45. g3 Kd4 46. h4 gxh4 47. gxh4 Ke5 48. Kh2 Kf4 49. Bf7 Kg4 50. h5 Kg5 51. Kg3 Bb7 52. f4+ Kh6 53. a4 Kg7 54. Bg6 Be4 55. a5 Kh6 56. Kf2 Kg7 57. Ke3 Kf6 58. Kd4 Bg2 59. Kc5 Bf1 60. Kb6 Kg7 61. a6 1-0

[Event "Titled Tuesday intern op 25th Apr Early"]
[Site "Chess.com INT"]
[Date "2023.04.25"]
[Round "2"]
[White "Sohier, Julien"]
[Black "Sonnenschein, Philipp"]
[Result "0-1"]
[WhiteElo "2214"]
[BlackElo "2224"]
[PlyCount "42"]
[EventDate "2023.04.25"]
[EventType "swiss (blitz)"]
[EventRounds "11"]
[EventCountry "USA"]
[SourceTitle "EXT 2024"]
[Source "ChessBase"]
[SourceDate "2023.10.10"]
[SourceVersion "1"]
[SourceVersionDate "2023.10.10"]
[SourceQuality "1"]

1. e4 c6 2. Nf3 d5 3. d3 Qc7 4. Nc3 dxe4 5. dxe4 e5 6. Bc4 h6 7. 0-0 b5 8. Bb3 Nf6 9. Re1 Bc5 10. Be3 Bxe3 11. Rxe3 0-0 12. a4 b4 13. Ne2 Na6 14. c3 Nc5 15. cxb4 Ncxe4 16. Nc3 Nxf2 17. Kxf2 Ng4+ 18. Ke2 Nxe3 19. Kxe3 Qb6+ 20. Ke2 Qxb4 21. Nd2 Bg4+ 0-1

[Event "Titled Tuesday intern op 18th Apr Late"]
[Site "Chess.com INT"]
[Date "2023.04.18"]
[Round "2"]
[White "Sonnenschein, Philipp"]
[Black "Garrido, Denis"]
[Result "0-1"]
[WhiteElo "2224"]
[BlackElo "2205"]
[PlyCount "60"]
[EventDate "2023.04.18"]
[EventType "swiss (blitz)"]
[EventRounds "11"]
[EventCountry "USA"]
[SourceTitle "EXT 2024"]
[Source "ChessBase"]
[SourceDate "2023.10.10"]
[SourceVersion "1"]
[SourceVersionDate "2023.10.10"]
[SourceQuality "1"]

1. e4 e6 2. d4 d5 3. Nd2 Be7 4. Bd3 c5 5. Ngf3 Nf6 6. exd5 Qxd5 7. dxc5 Nbd7 8. 0-0 Nxc5 9. Bc4 Qd6 10. Qe2 0-0 11. Rd1 Qc7 12. b3 b6 13. Bb2 Bb7 14. Nf1 Qf4 15. Rd4 Qh6 16. Rad1 Rfd8 17. Rxd8+ Rxd8 18. Rxd8+ Bxd8 19. Ne5 Qg5 20. Ng3 Bc7 21. Nf3 Qg6 22. Ne5 Qg5 23. Nf3 Qf4 24. Ne5 h6 25. Nd3 Nxd3 26. Qxd3 Ng4 27. Qe2 Bd6 28. Bd3 Bc5 29. Be5 Bxf2+ 30. Kh1 Nxe5 0-1

[Event "Titled Tuesday intern op 18th Apr Late"]
[Site "Chess.com INT"]
[Date "2023.04.18"]
[Round "10"]
[White "Sonnenschein, Philipp"]
[Black "Rodriguez Santiago, Jaime"]
[Result "1-0"]
[WhiteElo "2224"]
[BlackElo "2026"]
[PlyCount "119"]
[EventDate "2023.04.18"]
[EventType "swiss (blitz)"]
[EventRounds "11"]
[EventCountry "USA"]
[SourceTitle "EXT 2024"]
[Source "ChessBase"]
[SourceDate "2023.10.10"]
[SourceVersion "1"]
[SourceVersionDate "2023.10.10"]
[SourceQuality "1"]

1. e4 c6 2. d4 d5 3. e5 Bf5 4. h4 h5 5. Bd3 Bxd3 6. Qxd3 Qa5+ 7. b4 Qa6 8. Qb3 e6 9. Nf3 Ne7 10. a4 Nf5 11. Na3 Be7 12. b5 Qb6 13. Qc3 c5 14. a5 Qc7 15. b6 axb6 16. axb6 Qc6 17. 0-0 cxd4 18. Qb3 Nd7 19. Rb1 0-0 20. Nb5 Qxb6 21. Nbxd4 Qxb3 22. Rxb3 Nxd4 23. Nxd4 Nc5 24. Rb5 Rfc8 25. Bf4 Ra4 26. c3 Rc4 27. Ne2 Bxh4 28. g3 Be7 29. Ra1 g5 30. Be3 Rc7 31. Ra7 Nd7 32. Rbxb7 Bd8 33. Bd4 Rxb7 34. Rxb7 Bc7 35. f4 gxf4 36. gxf4 Kg7 37. Kg2 Nf8 38. Kf3 Ng6 39. Nc1 Ne7 40. Nd3 Nf5 41. Nc5 Ba5 42. Nxe6+ Kg6 43. Ng5 Bxc3 44. Bxc3 Rxc3+ 45. Kf2 d4 46. Rxf7 d3 47. Rf6+ Kg7 48. Rxf5 d2 49. Ke2 Rd3 50. Kd1 h4 51. Ne6+ Kg6 52. Rg5+ Kh6 53. f5 h3 54. Rg1 h2 55. Rh1 Rh3 56. Kxd2 Kh5 57. Nf4+ Kg4 58. Nxh3 Kxh3 59. Rxh2+ Kxh2 60. f6 1-0

[Event "Titled Tuesday intern op 18th Apr Late"]
[Site "Chess.com INT"]
[Date "2023.04.18"]
[Round "7"]
[White "Sonnenschein, Philipp"]
[Black "Ward, Ieuan C"]
[Result "1-0"]
[WhiteElo "2224"]
[BlackElo "2028"]
[PlyCount "83"]
[EventDate "2023.04.18"]
[EventType "swiss (blitz)"]
[EventRounds "11"]
[EventCountry "USA"]
[SourceTitle "EXT 2024"]
[Source "ChessBase"]
[SourceDate "2023.10.10"]
[SourceVersion "1"]
[SourceVersionDate "2023.10.10"]
[SourceQuality "1"]

1. e4 e5 2. Nf3 Nc6 3. Bb5 a6 4. Ba4 Nf6 5. 0-0 Be7 6. Re1 b5 7. Bb3 0-0 8. a4 b4 9. a5 d6 10. d3 h6 11. Nbd2 Bg4 12. h3 Be6 13. Bxe6 fxe6 14. Nb3 Nd7 15. d4 exd4 16. Nbxd4 Nxd4 17. Nxd4 Nc5 18. Qg4 Rf6 19. e5 dxe5 20. Nc6 Qf8 21. Nxe7+ Qxe7 22. Rxe5 Raf8 23. Be3 Nd7 24. Re4 c5 25. Re1 Qf7 26. Qe2 Rg6 27. Rf4 Qe7 28. Rxf8+ Qxf8 29. Kf1 Qa8 30. f3 Rf6 31. Bf2 Kf7 32. Qc4 Qc6 33. Bh4 g5 34. Bf2 Rf4 35. Qd3 Nf6 36. Qd8 Qb5+ 37. Kg1 Qc6 38. Rd1 Nd5 39. Qh8 Kg6 40. Bg3 Rf7 41. Be5 Nf6 42. Rd8 1-0

[Event "Titled Tuesday intern op 18th Apr Late"]
[Site "Chess.com INT"]
[Date "2023.04.18"]
[Round "8"]
[White "Weetik, Vjacheslav"]
[Black "Sonnenschein, Philipp"]
[Result "1-0"]
[WhiteElo "2423"]
[BlackElo "2224"]
[PlyCount "51"]
[EventDate "2023.04.18"]
[EventType "swiss (blitz)"]
[EventRounds "11"]
[EventCountry "USA"]
[SourceTitle "EXT 2024"]
[Source "ChessBase"]
[SourceDate "2023.10.10"]
[SourceVersion "1"]
[SourceVersionDate "2023.10.10"]
[SourceQuality "1"]

1. d4 Nf6 2. Bf4 g6 3. Nf3 Nh5 4. Bc1 Bg7 5. e4 0-0 6. Be2 d6 7. 0-0 f5 8. Nc3 fxe4 9. Nxe4 Nf4 10. Bxf4 Rxf4 11. Ng3 Nc6 12. c3 e5 13. dxe5 Nxe5 14. Nxe5 Bxe5 15. Qd5+ Kh8 16. Rad1 Qf6 17. Ne4 Qe7 18. Bf3 c6 19. Qd2 d5 20. Ng3 Qh4 21. Rfe1 Bf6 22. Re8+ Kg7 23. Rde1 Rf5 24. Nxf5+ gxf5 25. g3 Qh3 26. Qf4 1-0

[Event "Titled Tuesday intern op 21st Mar Early"]
[Site "Chess.com INT"]
[Date "2023.03.21"]
[Round "8"]
[White "Sonnenschein, Philipp"]
[Black "Fernandez Hernandez, Arturo Augusto"]
[Result "0-1"]
[WhiteElo "2219"]
[BlackElo "2308"]
[PlyCount "94"]
[EventDate "2023.03.21"]
[EventType "swiss (blitz)"]
[EventRounds "11"]
[EventCountry "USA"]
[SourceTitle "EXT 2024"]
[Source "ChessBase"]
[SourceDate "2023.10.10"]
[SourceVersion "1"]
[SourceVersionDate "2023.10.10"]
[SourceQuality "1"]

1. e4 c5 2. Nf3 e6 3. c3 Nf6 4. e5 Nd5 5. g3 d6 6. exd6 Bxd6 7. Bg2 0-0 8. 0-0 Nc6 9. d4 cxd4 10. Nxd4 Nce7 11. c4 Nb6 12. Nb5 Bc5 13. Qe2 Nc6 14. Rd1 Qe7 15. N1c3 a6 16. Na3 Nd4 17. Qe4 f5 18. Qe5 Nd7 19. Qc7 Bd6 20. Qa5 Nc6 21. Qa4 Nc5 22. Qc2 f4 23. Ne4 Nxe4 24. Bxe4 fxg3 25. Bxh7+ Kh8 26. hxg3 Bc5 27. Be3 Bxe3 28. fxe3 Qg5 29. Kg2 Qxe3 30. Be4 Nd4 31. Rh1+ Kg8 32. Bh7+ Kf7 33. Qg6+ Ke7 34. Rhe1 Rf2+ 35. Kh3 Qh6+ 36. Qxh6 gxh6 37. g4 Rxb2 38. Re4 Nf3 39. Kg3 Ng5 40. Rf4 Nxh7 41. Raf1 Ng5 42. Nb1 Bd7 43. Nc3 Rc8 44. Na4 Rb4 45. c5 Rxf4 46. Rxf4 Bxa4 47. Rxa4 Rxc5 0-1

[Event "Titled Tuesday intern op 14th Mar Late"]
[Site "Chess.com INT"]
[Date "2023.03.14"]
[Round "6"]
[White "Abrosimov, Vladimir"]
[Black "Sonnenschein, Philipp"]
[Result "0-1"]
[WhiteElo "2341"]
[BlackElo "2219"]
[PlyCount "216"]
[EventDate "2023.03.14"]
[EventType "swiss (blitz)"]
[EventRounds "11"]
[EventCountry "USA"]
[SourceTitle "EXT 2024"]
[Source "ChessBase"]
[SourceDate "2023.10.10"]
[SourceVersion "1"]
[SourceVersionDate "2023.10.10"]
[SourceQuality "1"]

1. c4 e6 2. Nc3 c5 3. e4 Nc6 4. g3 Nf6 5. Bg2 Be7 6. d3 0-0 7. Nge2 b6 8. 0-0 Bb7 9. f4 d6 10. h3 Nd4 11. Nxd4 cxd4 12. Ne2 e5 13. f5 Nd7 14. g4 Bg5 15. Ng3 a5 16. Nh5 h6 17. Qf3 Bxc1 18. Raxc1 Qg5 19. f6 g6 20. Ng3 Rfe8 21. Rc2 Re6 22. Kh1 Rxf6 23. Nf5 gxf5 24. gxf5 Kh7 25. Rg1 Rg8 26. Rcc1 h5 27. Qe2 Rh6 28. Bf3 Qh4 29. Qh2 Rxg1+ 30. Rxg1 Qe7 31. Qg2 Qf8 32. Qg5 f6 33. Qh4 Qf7 34. a3 Kh8 35. b4 axb4 36. axb4 Nf8 37. Ra1 Nh7 38. Qg3 Ng5 39. h4 Nxf3 40. Qxf3 Rh7 41. Rg1 Rg7 42. Rxg7 Kxg7 43. Qg3+ Kf8 44. Qe1 Ke7 45. Qd1 Kd8 46. Qa4 Kc7 47. Qa7 Qg7 48. c5 dxc5 49. bxc5 bxc5 50. Qxc5+ Kd7 51. Qb5+ Bc6 52. Qb8 Qe7 53. Qa7+ Ke8 54. Qb8+ Kf7 55. Qh8 Qa3 56. Qxh5+ Ke7 57. Qh7+ Kd6 58. Qf7 Qc1+ 59. Kh2 Qf4+ 60. Kh1 Qxh4+ 61. Kg1 Qe1+ 62. Kh2 Qe2+ 63. Kh1 Qe1+ 64. Kh2 Qh4+ 65. Kg1 Kc5 66. Qc4+ Kd6 67. Qe6+ Kc7 68. Qe7+ Bd7 69. Qc5+ Kb7 70. Qb4+ Ka6 71. Qa3+ Kb6 72. Qd6+ Bc6 73. Qb4+ Ka6 74. Qa3+ Kb5 75. Qb3+ Kc5 76. Qc4+ Kd6 77. Qe6+ Kc7 78. Qe7+ Kc8 79. Qf8+ Kb7 80. Qb4+ Ka8 81. Qa5+ Kb7 82. Qb4+ Ka6 83. Qa3+ Kb5 84. Qb3+ Ka5 85. Qa3+ Ba4 86. Qc5+ Ka6 87. Qd6+ Kb5 88. Qd5+ Kb4 89. Qc4+ Ka3 90. Qc1+ Ka2 91. Qd2+ Kb3 92. Qd1+ Kc3 93. Qxa4 Qe1+ 94. Kh2 Qe2+ 95. Kh1 Qxd3 96. Qa3+ Kd2 97. Qb2+ Ke3 98. Qg2 Qxe4 99. Qxe4+ Kxe4 100. Kg2 Kxf5 101. Kf3 e4+ 102. Ke2 Kf4 103. Kf2 d3 104. Ke1 e3 105. Kf1 Kf3 106. Ke1 e2 107. Kd2 Kf2 108. Kxd3 e1Q 0-1

[Event "Titled Tuesday intern op 14th Mar Late"]
[Site "Chess.com INT"]
[Date "2023.03.14"]
[Round "5"]
[White "Sonnenschein, Philipp"]
[Black "Perez de Miguel, Alvaro"]
[Result "1-0"]
[WhiteElo "2219"]
[BlackElo "2280"]
[PlyCount "125"]
[EventDate "2023.03.14"]
[EventType "swiss (blitz)"]
[EventRounds "11"]
[EventCountry "USA"]
[SourceTitle "EXT 2024"]
[Source "ChessBase"]
[SourceDate "2023.10.10"]
[SourceVersion "1"]
[SourceVersionDate "2023.10.10"]
[SourceQuality "1"]

1. e4 c6 2. d4 d5 3. exd5 cxd5 4. Bd3 Nc6 5. c3 Qc7 6. h3 Nf6 7. Nf3 g6 8. 0-0 Bg7 9. Re1 Bf5 10. Bf1 0-0 11. Na3 a6 12. Nc2 Rfe8 13. Ne3 Bd7 14. Bd3 b5 15. Ne5 Nxe5 16. dxe5 Qxe5 17. Nf5 Qc7 18. Nxe7+ Kf8 19. Qe2 Be6 20. b3 Qxe7 21. a4 Kg8 22. axb5 axb5 23. Rxa8 Rxa8 24. Bxb5 Qc5 25. c4 dxc4 26. Bxc4 Bxc4 27. bxc4 Rc8 28. Bb2 Nd7 29. Bxg7 Kxg7 30. Qb2+ Nf6 31. Rc1 Rc6 32. Qb7 Rc7 33. Qf3 Re7 34. g3 Re4 35. Qc3 Re2 36. Qf3 Re4 37. Qc3 Qd4 38. Qf3 Qd2 39. Rf1 Re1 40. c5 Rxf1+ 41. Kxf1 Qc1+ 42. Kg2 Qxc5 43. Qe2 Qd5+ 44. Kg1 Qe4 45. Qa6 h5 46. h4 Ng4 47. Qa1+ Kh7 48. Qa2 Qe1+ 49. Kg2 Qe6 50. Qb2 Ne5 51. Qe2 Qd5+ 52. Kh2 Nf3+ 53. Kh3 Qf5+ 54. Kg2 Ne5 55. f3 Kg7 56. Qb2 Qf6 57. Qe2 Nc6 58. Qe4 Nd4 59. f4 Nf5 60. Kh3 Qa1 61. Kg2 Qb2+ 62. Kh3 Qc3 63. Qg2 1-0

[Event "Titled Tuesday intern op 21st Feb Late"]
[Site "Chess.com INT"]
[Date "2023.02.21"]
[Round "10"]
[White "Sonnenschein, Philipp"]
[Black "Aradhya, Garg"]
[Result "1/2-1/2"]
[WhiteElo "2221"]
[BlackElo "2268"]
[PlyCount "73"]
[EventDate "2023.02.21"]
[EventType "swiss (blitz)"]
[EventRounds "11"]
[EventCountry "USA"]
[SourceTitle "CBM 212 Extra"]
[Source "ChessBase"]
[SourceDate "2023.03.31"]
[SourceVersion "1"]
[SourceVersionDate "2023.03.31"]
[SourceQuality "1"]

1. e4 e5 2. Nf3 Nc6 3. Bb5 a6 4. Ba4 Nge7 5. 0-0 Ng6 6. Nc3 Bc5 7. Nd5 0-0 8. c3 d6 9. d4 Ba7 10. Bc2 Bg4 11. Re1 Nh4 12. Be3 exd4 13. cxd4 Bxf3 14. gxf3 Nxd4 15. Bxd4 Qg5+ 16. Kf1 Qg2+ 17. Ke2 Qxf3+ 18. Kf1 Bxd4 19. Qxd4 Qg2+ 20. Ke2 Nf3 21. Qc3 Nxe1 22. Rxe1 Qxh2 23. Ne7+ Kh8 24. Nf5 Qe5 25. Qh3 Qxb2 26. Kd1 g6 27. Rh1 h5 28. Qe3 Qa1+ 29. Kd2 Qe5 30. Qh6+ Kg8 31. Rxh5 gxh5 32. Qg5+ Kh7 33. Qxh5+ Kg8 34. Qg4+ Kh7 35. Qh5+ Kg8 36. Nh6+ Kh7 37. Nf5+ 1/2-1/2

[Event "Titled Tuesday intern op 21st Feb Late"]
[Site "Chess.com INT"]
[Date "2023.02.21"]
[Round "2"]
[White "Stanisz, Patryk"]
[Black "Sonnenschein, Philipp"]
[Result "0-1"]
[WhiteElo "2117"]
[BlackElo "2221"]
[PlyCount "62"]
[EventDate "2023.02.21"]
[EventType "swiss (blitz)"]
[EventRounds "11"]
[EventCountry "USA"]
[SourceTitle "CBM 212 Extra"]
[Source "ChessBase"]
[SourceDate "2023.03.31"]
[SourceVersion "1"]
[SourceVersionDate "2023.03.31"]
[SourceQuality "1"]

1. d4 Nf6 2. c4 g6 3. Nc3 Bg7 4. e4 0-0 5. Be2 d6 6. g4 c5 7. d5 e6 8. g5 Ne8 9. h4 exd5 10. cxd5 f5 11. gxf6 Nxf6 12. h5 b5 13. hxg6 hxg6 14. Bxb5 Nxe4 15. Nxe4 Qa5+ 16. Nc3 Bxc3+ 17. bxc3 Qxb5 18. Be3 Bf5 19. Ne2 Nd7 20. Ng3 Ne5 21. Nxf5 Rxf5 22. Qb3 Qd3 23. Rh3 Nf3+ 24. Rxf3 Rxf3 25. Rc1 Rxe3+ 26. fxe3 Qxe3+ 27. Kd1 Qd3+ 28. Ke1 Re8+ 29. Kf2 Re2+ 30. Kg1 Qg3+ 31. Kh1 Qg2# 0-1

[Event "Titled Tuesday intern op 14th Feb Late"]
[Site "Chess.com INT"]
[Date "2023.02.14"]
[Round "1"]
[White "Gruzman, Ilya"]
[Black "Sonnenschein, Philipp"]
[Result "1-0"]
[WhiteElo "2123"]
[BlackElo "2221"]
[PlyCount "181"]
[EventDate "2023.02.14"]
[EventType "swiss (blitz)"]
[EventRounds "11"]
[EventCountry "USA"]
[SourceTitle "CBM 212 Extra"]
[Source "ChessBase"]
[SourceDate "2023.03.31"]
[SourceVersion "1"]
[SourceVersionDate "2023.03.31"]
[SourceQuality "1"]

1. d4 Nf6 2. c4 e6 3. Nf3 d5 4. Nc3 Bb4 5. Bg5 h6 6. Bxf6 Qxf6 7. e3 0-0 8. Bd3 dxc4 9. Bxc4 c5 10. 0-0 Nc6 11. Ne4 Qf5 12. Bd3 c4 13. Bc2 Qa5 14. a3 Be7 15. Qe2 b5 16. Rfd1 Bb7 17. Ne5 Qc7 18. Qh5 f5 19. Nc3 Nxe5 20. dxe5 Bc6 21. Qg6 Qxe5 22. Ne2 Rf6 23. Qg3 Qxb2 24. Nd4 Bd5 25. Rab1 Qxa3 26. Rxb5 Qd6 27. Nxf5 Qxg3 28. Nxe7+ Kf7 29. hxg3 Kxe7 30. e4 Bc6 31. Rc5 Rc8 32. Rxc4 Bd7 33. Rcd4 Bb5 34. e5 Rff8 35. Ba4 Bxa4 36. Rxa4 Rc7 37. Rda1 Ra8 38. Ra6 Kd7 39. Rd6+ Ke7 40. Raa6 Rb8 41. Rxe6+ Kf7 42. Rec6 Rxc6 43. Rxc6 a5 44. Rc7+ Kg6 45. Ra7 Rb5 46. e6 Re5 47. e7 Kf7 48. Kh2 Rxe7 49. Rxa5 g5 50. Ra3 Kg6 51. g4 Re2 52. f3 Rb2 53. Kg3 Rb4 54. Ra6+ Kg7 55. Kf2 Rb2+ 56. Kg3 Rc2 57. Re6 Rb2 58. Re7+ Kg6 59. Re1 Rc2 60. Rf1 Rc3 61. Rf2 Rc4 62. Re2 Rc3 63. Kf2 Rc1 64. Ke3 Rc3+ 65. Kd4 Rc1 66. Kd5 Ra1 67. Re6+ Kg7 68. Ke4 Ra2 69. Kf5 Ra5+ 70. Re5 Ra7 71. Rb5 Rc7 72. Rd5 Rf7+ 73. Ke6 Ra7 74. Rd7+ Rxd7 75. Kxd7 Kf6 76. Kd6 Kf7 77. Ke5 Ke7 78. Kf5 Kf7 79. g3 Kg7 80. Ke6 Kg6 81. Ke7 Kg7 82. f4 gxf4 83. gxf4 Kg6 84. Ke6 h5 85. gxh5+ Kxh5 86. f5 Kg5 87. f6 Kf4 88. f7 Ke4 89. f8Q Kd4 90. Qf5 Kc4 91. Qd5+ 1-0

[Event "Titled Tuesday intern op 14th Feb Late"]
[Site "Chess.com INT"]
[Date "2023.02.14"]
[Round "2"]
[White "Sonnenschein, Philipp"]
[Black "Fernandez Siles, Luis"]
[Result "0-1"]
[WhiteElo "2221"]
[BlackElo "2220"]
[PlyCount "96"]
[EventDate "2023.02.14"]
[EventType "swiss (blitz)"]
[EventRounds "11"]
[EventCountry "USA"]
[SourceTitle "CBM 212 Extra"]
[Source "ChessBase"]
[SourceDate "2023.03.31"]
[SourceVersion "1"]
[SourceVersionDate "2023.03.31"]
[SourceQuality "1"]

1. e4 c5 2. Nf3 Nc6 3. Bb5 g6 4. 0-0 Bg7 5. c3 Nf6 6. Re1 0-0 7. d4 d5 8. e5 Ne4 9. Bxc6 bxc6 10. Be3 Qb6 11. Qc1 c4 12. Nbd2 Nxd2 13. Nxd2 Bf5 14. b3 Bd3 15. Qa3 e6 16. bxc4 dxc4 17. d5 Qb5 18. dxe6 fxe6 19. Nf3 Rxf3 20. gxf3 Qd5 21. Qe7 Qxf3 22. Qxe6+ Kh8 23. Bg5 Bf5 24. Re3 Qg4+ 25. Rg3 Bxe6 26. Rxg4 Bxg4 27. Bf4 Be6 28. Rb1 Rf8 29. Bg3 Rd8 30. Rb7 h5 31. Kf1 Bg4 32. Kg2 Bf5 33. Rxa7 Re8 34. Rc7 Bxe5 35. Bxe5+ Rxe5 36. Kg3 Be4 37. a4 Ra5 38. Re7 Bd5 39. Kf4 Kg8 40. Kg5 Bf7+ 41. Kh6 Kf8 42. Rc7 Rxa4 43. Rxc6 Ra2 44. f4 Rxh2 45. Kg5 Re2 46. Kf6 Re6+ 47. Rxe6 Bxe6 48. Kxe6 h4 0-1

[Event "Titled Tuesday intern op 14th Feb Late"]
[Site "Chess.com INT"]
[Date "2023.02.14"]
[Round "10"]
[White "Sonnenschein, Philipp"]
[Black "Martinez Ramirez, Lennis"]
[Result "0-1"]
[WhiteElo "2221"]
[BlackElo "2415"]
[PlyCount "54"]
[EventDate "2023.02.14"]
[EventType "swiss (blitz)"]
[EventRounds "11"]
[EventCountry "USA"]
[SourceTitle "CBM 212 Extra"]
[Source "ChessBase"]
[SourceDate "2023.03.31"]
[SourceVersion "1"]
[SourceVersionDate "2023.03.31"]
[SourceQuality "1"]

1. e4 c5 2. Nf3 d6 3. Bb5+ Nd7 4. c3 Ngf6 5. Bd3 g6 6. 0-0 Ne5 7. Bc2 Bg7 8. d4 cxd4 9. cxd4 Nxf3+ 10. Qxf3 0-0 11. Nc3 Bg4 12. Qg3 Be6 13. Bg5 Rc8 14. Rad1 Qb6 15. Bc1 Bxa2 16. e5 Nd5 17. Nxd5 Bxd5 18. Bb1 a5 19. exd6 e6 20. Be3 Rfd8 21. Bd3 Qxd6 22. Qxd6 Rxd6 23. Ra1 b6 24. Rfc1 Rdc6 25. Bb5 Rxc1+ 26. Rxc1 Rxc1+ 27. Bxc1 Bxd4 0-1